Logistika v partnerstve s marketingom

Strategické riadenie zásob dáva obchodným prevádzkam istotu. Výška zásob ovplyvňuje úroveň služieb zákazníkom. Riziká pri vytváraní zásob výrobcom, veľkoobchodom a maloobchodom. Postavenie a formy nákupu tovaru alebo služieb. Trhové podmienky. Kritériá nákupného marketingu.

Guardado en:
Detalles Bibliográficos
Autor principal: Jurová, Marie
Formato: Capítulo de libro
Lenguaje:eslovaco
Materias:
Etiquetas: Agregar Etiqueta
Sin Etiquetas, Sea el primero en etiquetar este registro!

MARC

LEADER 00000naa a2200000 4500
001 r042288
005 20231002114158.3
041 0 |a slo 
044 |a SK 
245 1 0 |a Logistika v partnerstve s marketingom  |c Marie Jurová 
520 |a Strategické riadenie zásob dáva obchodným prevádzkam istotu. Výška zásob ovplyvňuje úroveň služieb zákazníkom. Riziká pri vytváraní zásob výrobcom, veľkoobchodom a maloobchodom. Postavenie a formy nákupu tovaru alebo služieb. Trhové podmienky. Kritériá nákupného marketingu. 
610 2 0 |a riadenie zásob 
610 2 0 |a zásoby bežné 
610 2 0 |a zásoby tovaru 
610 2 0 |a trh nákupný 
610 2 0 |a trh kupujúceho 
610 2 0 |a podmienky obchodné 
610 2 0 |a podmienky predajné 
100 1 |a Jurová, Marie